Unexpected Japan

Сохранить в:
Библиографические подробности
Главный автор: Riccomini, Donald R.
Формат:
Язык:Undetermined
Опубликовано: New York Walker and Company 1985
Предметы:
Метки: Добавить метку
Нет меток, Требуется 1-ая метка записи!
Thư viện lưu trữ: Trung tâm Học liệu Trường Đại học Cần Thơ
LEADER 00481nam a2200181Ia 4500
001 CTU_79437
008 210402s9999 xx 000 0 und d
082 |a 658.00952 
082 |b R494 
100 |a Riccomini, Donald R. 
245 0 |a Unexpected Japan 
245 0 |c Donald R. Riccomini 
260 |a New York 
260 |b Walker and Company 
260 |c 1985 
650 |a Management 
650 |z Japan,United States 
980 |a Trung tâm Học liệu Trường Đại học Cần Thơ